[Event "ch-Vienna State 2014"]
[Site "Vienna AUT"]
[Date "2014.09.11"]
[Round "6.5"]
[White "Buhmann,R"]
[Black "Wukits,R"]
[Result "1-0"]
[WhiteElo "2597"]
[BlackElo "2324"]

1.d4 Nf6 2.c4 e6 3.Nf3 c5 4.d5 d6 5.Nc3 exd5 6.cxd5 g6 7.Bf4 a6 8.a4 Bg7
9.h3 O-O 10.e3 Re8 11.Nd2 Nbd7 12.Be2 Ne5 13.Bh2 Qe7 14.O-O Nfd7 15.Re1 f5
16.e4 Nf6 17.Bxe5 Qxe5 18.Nc4 Qe7 19.Bd3 fxe4 20.Nxe4 Bf5 21.Ncxd6 Nxe4 22.Nxe8 Rxe8
23.Bxe4 Bxe4 24.f3 Bxb2 25.Rxe4 Qd7 26.Rb1 Bd4+ 27.Rxd4 cxd4 28.Qxd4 b5 29.axb5 axb5
30.d6 Re6 31.Rd1 Kf7 32.Qh8  1-0

[Event "FSIM September 2014"]
[Site "Budapest HUN"]
[Date "2014.09.12"]
[Round "7.6"]
[White "Marzano,C"]
[Black "Farkas,R"]
[Result "0-1"]
[WhiteElo "2154"]
[BlackElo "2296"]

1.d4 Nf6 2.Nf3 c5 3.d5 e6 4.c4 exd5 5.cxd5 d6 6.Nc3 g6 7.e4 a6 8.a4 Bg7 9.Be2 O-O
10.O-O Nbd7 11.Re1 Re8 12.Bf1 Ng4 13.h3 Nge5 14.Nd2 Nf6 15.f4 Ned7 16.Nc4 Nb6
17.Nxd6 Qxd6 18.e5 Qe7 19.Be3 Nh5 20.d6 Qh4 21.a5 Nxf4 22.axb6 Bd7 23.Qf3 Bxe5
24.Qxb7 Rad8 25.Bxc5 Qg3 26.Rxe5 Rxe5 27.Ne4 Nxh3+ 28.Kh1 Nf2+ 29.Nxf2 Rxc5
30.Kg1 Rc2 31.Ne4 Qe3+ 32.Kh2 Kg7 33.Ra3 Qf4+ 34.Kg1 f5 35.Ng3 Qd4+ 36.Kh1 Rc1
37.Rf3 Qh4+ 38.Kg1 Qd4+ 39.Kh2 Qh4+ 40.Kg1 Qb4 41.Rc3 Qd4+ 42.Kh1 Rxc3 43.bxc3 Qh4+
44.Kg1 Qxg3 45.Qc7 Qe3+ 46.Kh1 Qe8 47.b7 Kh6 48.Bxa6 Bc6 49.Kh2 f4 50.Kg1 Qe3+
51.Kf1 Re8 52.Qe7 Rxe7 53.dxe7 Bxb7  0-1

[Event "Pankrac Cup 2014"]
[Site "Prague CZE"]
[Date "2014.09.16"]
[Round "1.4"]
[White "Bednar,Ma"]
[Black "Juptner,J"]
[Result "0-1"]
[WhiteElo "2306"]
[BlackElo "2355"]

1.d4 Nf6 2.c4 e6 3.Nf3 c5 4.d5 exd5 5.cxd5 d6 6.Nc3 g6 7.g3 Bg7 8.Bg2 O-O
9.O-O Na6 10.Nd2 Nc7 11.a4 b6 12.Nc4 Ba6 13.Qb3 Bxc4 14.Qxc4 a6 15.Bg5 h6
16.Bf4 Qe7 17.b4 b5 18.Qb3 g5 19.Bd2 cxb4 20.Na2 a5 21.Rac1 bxa4 22.Qxa4 Qxe2
23.Rfd1 Qb5 24.Qb3 Na6 25.Nc3 Nc5 26.Nxb5 Nxb3 27.Rb1 Nxd2 28.Rxd2 Rfb8 29.Nxd6 a4
30.Nf5 a3 31.Ne7+ Kf8 32.Nc6 b3 33.Nxb8 Rxb8 34.d6 b2 35.d7 Nxd7 36.Bd5 Rc8
37.Ba2 Nb6 38.Rd3 Rc3 39.Rxc3 Bxc3 40.Rd1 Ke7 41.Rd3 Na4 42.g4 Bb4 43.Kg2 Nc3
44.Rxc3 Bxc3 45.Kf3 Bd4 46.Ke4 Bxf2 47.Kd5 Bg1 48.h3 f5 49.gxf5 Kf6 50.Ke4 h5
51.Bb1 Bb6 52.Ba2 Bc7 53.Bb1 g4 54.hxg4 hxg4 55.Ke3 Kg5 56.Kf2 Be5 57.Kg2 Kf4
58.Kf2 g3+ 59.Kg2 Ke3 60.Ba2 Kd2  0-1

[Event "Durban Open 2014"]
[Site "Durban RSA"]
[Date "2014.09.21"]
[Round "2.8"]
[White "Van Rensburg,R"]
[Black "Gupta,Ab"]
[Result "0-1"]
[WhiteElo "2175"]
[BlackElo "2642"]

1.d4 Nf6 2.c4 c5 3.d5 e6 4.Nc3 d6 5.Nf3 exd5 6.cxd5 g6 7.Nd2 Bg7 8.Nc4 O-O
9.Bf4 Na6 10.Qd2 b5 11.Nxb5 Ne4 12.Qc1 Nb4 13.f3 a6 14.Nba3 Nf6 15.e4 Re8
16.Nxd6 Nfxd5 17.Nac4 Nxf4 18.Qxf4 Be6 19.Rd1 Re7 20.Be2 Nc2+ 21.Kf2 Rd7
22.e5 Nd4 23.Bd3 Rb8 24.b3 Nb5 25.Rhe1 Nc3 26.Rd2 Nd5 27.Qe4 Bh6 28.Ne3 Nc3
29.Qc6 Rc7 30.Qxa6 Ra8 31.Qb6 Bxe3+ 32.Rxe3 Qh4+ 33.Kg1 Qd4  0-1

[Event "World Youth Boys U14 2014"]
[Site "Durban RSA"]
[Date "2014.09.21"]
[Round "3.6"]
[White "Martirosyan,Haik M."]
[Black "Fawzy,Adham"]
[Result "1-0"]
[WhiteElo "2328"]
[BlackElo "2119"]

1.d4 Nf6 2.c4 c5 3.d5 e6 4.Nc3 exd5 5.cxd5 d6 6.Nf3 g6 7.Bf4 a6 8.a4 Bg7
9.h3 O-O 10.e3 Ne8 11.Nd2 Nd7 12.Be2 Nb6 13.Qb3 Rb8 14.a5 Na8 15.Bxa6 Bxh3
16.Bb5 Bd7 17.Nc4 Nac7 18.Bxd7 Qxd7 19.O-O f5 20.a6 b5 21.a7 Rb7 22.Ra6 b4
23.Na4 Na8 24.Nxd6 Nxd6 25.Bxd6 Qb5 26.Nxc5 Rc8 27.Rc6  1-0

[Event "5th Gebze Open 2014"]
[Site "Kocaeli TUR"]
[Date "2014.09.21"]
[Round "3.1"]
[White "Yilmaz,M"]
[Black "Haj Bakkor,M"]
[Result "1-0"]
[WhiteElo "2581"]
[BlackElo "2119"]

1.d4 Nf6 2.c4 e6 3.Nf3 c5 4.d5 exd5 5.cxd5 d6 6.Nc3 g6 7.Bf4 a6 8.a4 Bg7
9.h3 O-O 10.e3 Re8 11.Nd2 Qc7 12.Be2 Nbd7 13.O-O Rb8 14.Bg3 h6 15.Qc2 Nb6
16.Rfd1 Bd7 17.e4 Nc8 18.a5 Nh7 19.Nc4 Bb5 20.Nxb5 axb5 21.Na3 Qxa5 22.Nxb5 Qb6
23.Ra3 Nf6 24.Re3 Nd7 25.Rb3 Be5 26.Nc3 Qd8 27.f4 Bd4+ 28.Kh1 Bg7 29.Nb5 Qe7
30.e5 dxe5 31.d6 Qf8 32.fxe5 Bxe5 33.Bc4 Bxg3 34.Qxg6+ Kh8 35.Qxg3 Ncb6 36.Bf1 Re6
37.Rf3 Ne5 38.Rf5 Nbd7 39.Rd5 Rg6 40.Qf4 f6 41.Nc3 Qg7 42.Rd2 Rg5 43.Ne4 Rxf5
44.Qxf5 Rf8 45.Bb5 Qh7 46.Qf4 Qg7 47.Rf2 b6 48.Re2 f5 49.Nc3 Qg5 50.Nd5 Qg7
51.Bxd7 Nxd7 52.Re7 Rf7 53.Rxf7 Qxf7 54.Qxh6+ Kg8 55.Ne7+  1-0

[Event "World Youth Boys U14 2014"]
[Site "Durban RSA"]
[Date "2014.09.27"]
[Round "9.18"]
[White "Hernandez-Camen,Angel J"]
[Black "Hilby,Craig"]
[Result "1-0"]
[WhiteElo "2046"]
[BlackElo "2215"]

1.d4 Nf6 2.c4 e6 3.Nf3 c5 4.d5 exd5 5.cxd5 d6 6.Nc3 g6 7.Bf4 a6 8.a4 Bg7
9.h3 O-O 10.e3 Qe7 11.Nd2 Nbd7 12.Be2 Ne5 13.O-O Ne8 14.a5 f5 15.Bh2 Nf6
16.Qc2 g5 17.f4 Ng6 18.fxg5 Qxe3+ 19.Kh1 Ne8 20.Nc4 Qxg5 21.Nxd6 Nxd6 22.Bxd6 Rd8
23.Bxc5 Be5 24.Bd3 Nh4 25.Rae1 f4 26.Bxh7+ Kh8 27.Rxe5 Qxe5 28.Qf2 Qg5 29.Be4 Nf5
30.Qxf4 Ng3+ 31.Kg1 Qxf4 32.Bd4+ Kg8 33.Rxf4 Bd7 34.Kh2 Nxe4 35.Nxe4 Kh7
36.Rf7+ Kh6 37.Rf6+ Kh5 38.Be3 Rh8 39.Ng3+ Kh4 40.Rg6  1-0

[Event "TCh-MNE Premier 2014"]
[Site "Ulcinj MNE"]
[Date "2014.09.27"]
[Round "8.1"]
[White "Arsovic,G"]
[Black "Miroshnichenko,E"]
[Result "0-1"]
[WhiteElo "2417"]
[BlackElo "2602"]

1.d4 Nf6 2.Nf3 e6 3.c4 c5 4.d5 d6 5.Nc3 exd5 6.cxd5 g6 7.Bf4 a6 8.a4 Bg7
9.h3 O-O 10.e3 Re8 11.Be2 Ne4 12.Nxe4 Rxe4 13.Nd2 Rb4 14.Nc4 Bxb2 15.Nxb2 Rxb2
16.O-O Qe7 17.Bd3 Nd7 18.e4 Ne5 19.Bc2 Bd7 20.Bd2 Qh4 21.Bc1 Rb4 22.f4 Rd4
23.Qe2 Nc4 24.Bd3 Re8 25.e5 dxe5 26.Bxc4 exf4 27.Qc2 f3 28.Bb3 Re2  0-1

[Event "TCh-BEL 2014-15"]
[Site "Belgium BEL"]
[Date "2014.09.28"]
[Round "1.5"]
[White "Hopman,P"]
[Black "De Haan,E"]
[Result "1/2-1/2"]
[WhiteElo "2389"]
[BlackElo "2274"]

1.d4 Nf6 2.c4 c5 3.d5 e6 4.Nc3 exd5 5.cxd5 d6 6.Nf3 g6 7.Nd2 Nbd7 8.e4 Bg7
9.Be2 O-O 10.O-O Re8 11.f4 c4 12.Kh1 Nc5 13.e5 dxe5 14.fxe5 Rxe5 15.Nxc4 Re8
16.Bg5 Bf5 17.d6 Nce4 18.Nxe4 Rxe4 19.Ne3 h6 20.Nxf5 hxg5 21.Nxg7 Kxg7 22.Qd2 Qb6
23.Rad1 Qe3 24.Bf3 Qxd2 25.Rxd2 Rb4 26.h3 Rd8 27.Rc1 Rd7 28.Rc7 Rxc7 29.dxc7 Rc4
30.c8=Q Rxc8 31.Bxb7 Rc1+ 32.Kh2 g4 33.hxg4 Nxg4+ 34.Kg3 Ne3 35.Kf2 Nc4  1/2-1/2

[Event "Fraubundesliga 2014-15"]
[Site "Germany GER"]
[Date "2014.09.28"]
[Round "2.2"]
[White "Schleining,Z"]
[Black "Stockova,Z"]
[Result "1/2-1/2"]
[WhiteElo "2354"]
[BlackElo "2378"]

1.d4 Nf6 2.Nf3 e6 3.c4 c5 4.d5 d6 5.Nc3 exd5 6.cxd5 g6 7.Bf4 a6 8.a4 Qe7
9.h3 Nbd7 10.Nd2 Ne5 11.e3 Nh5 12.Bh2 f5 13.Be2 Nf6 14.Qb3 Nfd7 15.e4 Bh6
16.f4 c4 17.Nxc4 Nc5 18.Qc2 Nxc4 19.Bxc4 fxe4 20.O-O O-O 21.Rae1 Qh4 22.b4 Nd3
23.Bxd3 exd3 24.Qxd3 Bf5 25.Qf3 Qf6 26.Kh1 Qd4 27.Ne4 Qxb4 28.g4 Bxe4 29.Rxe4 Qd2
30.Re2 Qd4 31.f5 Rad8 32.Re6 Rf7 33.a5 Bf8 34.Bg3 Rc8 35.Bxd6 Rc3 36.Qg2 Rd3
37.Bxf8 Rxf8 38.d6 Qc3 39.Kh2 Qxa5 40.fxg6 Rd2 41.gxh7+ Kxh7 42.Re7+ Kg6
43.Re6+ Kg7 44.Re7+ Kg6 45.Re6+  1/2-1/2

[Event "Hong Kong Open 2014"]
[Site "Hong Kong HKG"]
[Date "2014.10.02"]
[Round "3.4"]
[White "Pitirotjirathon,J"]
[Black "Pena Gomez,M"]
[Result "0-1"]
[WhiteElo "2271"]
[BlackElo "2454"]

1.d4 Nf6 2.c4 c5 3.d5 e6 4.Nc3 exd5 5.cxd5 d6 6.Nf3 g6 7.e4 Bg7 8.h3 O-O
9.Bd3 Na6 10.O-O Nc7 11.Re1 a6 12.a4 Rb8 13.a5 Bd7 14.Qb3 Re8 15.Bf4 Bb5
16.Bxb5 axb5 17.Nxb5 Nxb5 18.Qxb5 Rxe4 19.Rxe4 Nxe4 20.Re1 Nf6 21.Rd1 Ra8
22.Qxb7 Rxa5 23.Ng5 Qd7 24.Qb8+ Bf8 25.Re1 Ra4 26.Bd2 Qf5 27.Ne6 fxe6 28.dxe6 Nd5
29.e7 Nxe7 30.Rxe7 Re4 31.Ra7 Re2 32.Be3 Re1+ 33.Kh2 Qe5+ 34.g3 Qe4 35.g4 Qf3
36.Qb3+ c4  0-1

[Event "Hong Kong Open 2014"]
[Site "Hong Kong HKG"]
[Date "2014.10.02"]
[Round "4.7"]
[White "Villanueva,N"]
[Black "Soumya,Sw"]
[Result "0-1"]
[WhiteElo "2190"]
[BlackElo "2310"]

1.d4 Nf6 2.c4 c5 3.d5 e6 4.Nc3 exd5 5.cxd5 d6 6.Nf3 g6 7.Bf4 a6 8.a4 Bg7
9.e4 O-O 10.Bd3 Bg4 11.O-O Nh5 12.Be3 Nd7 13.Be2 Re8 14.h3 Bxf3 15.Bxf3 Nhf6
16.Qc2 Rc8 17.Rad1 c4 18.Be2 Qa5 19.Bd4 Nc5 20.Bxc4 Ncxe4 21.Qb3 Nc5 22.Qa3 Qc7
23.Ba2 Nh5 24.Bxg7 Kxg7 25.Qb4 Qe7 26.Qd4+ Qe5 27.b4 Qxd4 28.Rxd4 Nb3 29.Bxb3 Rxc3
30.Bd1 Nf6 31.Bf3 Nd7 32.Rb1 Rc2 33.a5 Rec8 34.Rdd1 Ne5 35.Be4 Re2 36.Bd3 Nxd3
37.Rxd3 Rcc2 38.Rf3 Rb2 39.Rc1 Rec2 40.Re1 Rc7 41.Re8 Rd2 42.Rd8 Rxd5 43.Rf4 f5
44.g4 Kf6 45.Kg2 Ke6 46.gxf5+ Rxf5 47.Rd4 Rd7 48.Re8+ Re7 49.Rd8 d5 50.f4 Rd7
51.Re8+ Kd6 52.Kg3 g5 53.fxg5 Rxg5+ 54.Kf4 Rh5 55.Kg4 Re5 56.Rg8 Rde7 57.Rd8+ Kc6
58.Rc8+ Kd7 59.Rb8 Kc7 60.Rf8 Re4+ 61.Rf4 Rxd4 62.Rxd4 Re4+ 63.Rxe4 dxe4
64.Kf4 Kc6 65.Kxe4 Kb5  0-1

[Event "Hong Kong Open 2014"]
[Site "Hong Kong HKG"]
[Date "2014.10.03"]
[Round "5.12"]
[White "Turqueza,M"]
[Black "Ho,Jei-Chen"]
[Result "1-0"]
[WhiteElo "2269"]
[BlackElo "2052"]

1.d4 Nf6 2.c4 e6 3.Nf3 c5 4.d5 exd5 5.cxd5 d6 6.Nc3 g6 7.Bf4 Bg7 8.Qa4+ Bd7
9.Qb3 Qc7 10.e4 O-O 11.Nd2 Nh5 12.Be3 a6 13.Be2 Nf6 14.a4 Ng4 15.Bf4 Ne5
16.O-O Re8 17.Bg3 Bc8 18.Rae1 h5 19.h3 Ned7 20.Nc4 Ne5 21.f4 Nxc4 22.Bxc4 Kh7
23.e5 Bf5 24.exd6 Qd7 25.Rxe8 Qxe8 26.Re1 Qd8 27.Ne4 Bd4+ 28.Bf2 Bxf2+ 29.Kxf2 Bxe4
30.Rxe4 Ra7 31.Re7 Qxd6 32.Qe3 Kg7 33.Qe5+ Qxe5 34.fxe5 Kf8 35.d6 Nc6 36.Rxf7+ Ke8
37.e6 b5 38.d7+ Kd8 39.Rf8+ Ke7 40.Re8+ Kf6 41.axb5  1-0

[Event "TCh-ISL Div 1 2014-15"]
[Site "Reykjavik ISL"]
[Date "2014.10.03"]
[Round "2.5"]
[White "Johannesson,I"]
[Black "Thorsson,O"]
[Result "1-0"]
[WhiteElo "2371"]
[BlackElo "2194"]

1.d4 c5 2.d5 Nf6 3.c4 e6 4.Nc3 exd5 5.cxd5 d6 6.Nf3 g6 7.Bf4 a6 8.a4 Bg7
9.h3 O-O 10.e3 Nh5 11.Bh2 f5 12.Be2 f4 13.exf4 Nxf4  1-0

[Event "TCh-ISL Div 1 2014-15"]
[Site "Reykjavik ISL"]
[Date "2014.10.03"]
[Round "2.5"]
[White "Baldursson,Ha"]
[Black "Bjornsson,B"]
[Result "1-0"]
[WhiteElo "1988"]
[BlackElo "2161"]

1.d4 Nf6 2.Nf3 e6 3.c4 c5 4.d5 exd5 5.cxd5 d6 6.Nc3 g6 7.g3 Bg7 8.Bg2 O-O
9.O-O Na6 10.Nd2 Nc7 11.a4 b6 12.Nc4 Ba6 13.Qb3 Bxc4 14.Qxc4 Qd7 15.Qh4 Qg4
16.Qxg4 Nxg4 17.Nb5 Nxb5 18.axb5 Rfe8 19.Ra4 f5 20.h3 Nf6 21.Bf3 Nd7 22.Bf4 Be5
23.Bxe5 Nxe5 24.Bg2 Nd7 25.e3 Re7 26.Rfa1 Ne5 27.b3 Nd3 28.Ra6 Rb7 29.R6a4 Nb4
30.e4 Re7 31.e5 Rxe5 32.Rxa7 Rxa7 33.Rxa7 Re1+ 34.Kh2 Rb1 35.Rd7 Rxb3 36.Rxd6 c4
37.Rc6 Rd3 38.Rxc4 Nxd5 39.Rc6 Rd2 40.Rd6  1-0

[Event "TCh-CRO Div 1a 2014"]
[Site "Bol CRO"]
[Date "2014.10.04"]
[Round "1.4"]
[White "Lalic,B"]
[Black "Korobov,A"]
[Result "0-1"]
[WhiteElo "2450"]
[BlackElo "2679"]

1.d4 Nf6 2.c4 e6 3.Nf3 c5 4.d5 exd5 5.cxd5 d6 6.Nc3 g6 7.Nd2 Bg7 8.e4 O-O
9.Be2 Re8 10.O-O Na6 11.Kh1 Rb8 12.f3 Nc7 13.a4 b6 14.Nc4 Ba6 15.Bg5 h6 16.Be3 Qd7
17.Qd2 h5 18.b3 h4 19.Rfe1 Nh7 20.Rab1 h3 21.g4 Qe7 22.Nd1 b5 23.Na5 bxa4
24.Nc6 Qd7 25.Nxb8 Rxb8 26.Bxa6 Nxa6 27.Qe2 Rb6 28.Bd2 axb3 29.Bc3 Bd4 30.Bxd4 cxd4
31.Qc4 Ng5 32.Rf1 Qb5 33.Nb2 Qxc4 34.Nxc4 Rb4 35.Nxd6 Nc5 36.e5 a5 37.f4 Nge4
38.Nxe4 Nxe4 39.d6 Kf8 40.f5 gxf5 41.Rxf5 Ke8 42.e6 fxe6 43.Rxa5 Nd2 44.Rb2 Nc4
45.Ra8+ Kd7 46.Rb1 Nd2 47.Rb2 Rc4 48.Ra1 Rc2 49.Rxc2 bxc2 50.g5 Nb1 51.Ra7+ Kxd6
52.Ra6+ Ke5 53.Rc6 Nc3  0-1

[Event "TCh-CRO Div 1a 2014"]
[Site "Bol CRO"]
[Date "2014.10.05"]
[Round "2.3"]
[White "Kozul,Z"]
[Black "Cebalo,M"]
[Result "1-0"]
[WhiteElo "2613"]
[BlackElo "2400"]

1.d4 Nf6 2.Nf3 c5 3.d5 e6 4.c4 d6 5.Nc3 exd5 6.cxd5 g6 7.Bf4 a6 8.a4 Bg7
9.h3 Qe7 10.e3 O-O 11.Be2 Nbd7 12.O-O Ne8 13.Re1 Ne5 14.Nd2 b6 15.Rb1 Nc7
16.Bg3 f5 17.f4 Nf7 18.Bf2 Bd7 19.Bf3 Rab8 20.Qc2 b5 21.a5 Rbe8 22.b4 c4
23.e4 fxe4 24.Ndxe4 Bf5 25.Qd2 Nh6 26.g4 Bxe4 27.Nxe4 Qd8 28.Kg2 Rf7 29.Rbd1 Rd7
30.Ng5 c3 31.Qd3 Rxe1 32.Rxe1 Qf6 33.Ne6 Nxe6 34.dxe6 Rd8 35.g5 Qxf4 36.gxh6 Be5
37.Bd5 Kf8 38.Bg3  1-0

[Event "TCh-CRO Div 1b 2014"]
[Site "Bol CRO"]
[Date "2014.10.05"]
[Round "2.2"]
[White "Bilobrk,F"]
[Black "Bogut,Z"]
[Result "0-1"]
[WhiteElo "2378"]
[BlackElo "2432"]

1.d4 Nf6 2.c4 c5 3.d5 e6 4.Nc3 exd5 5.cxd5 d6 6.Nf3 g6 7.Bf4 a6 8.a4 Bg7
9.h3 O-O 10.e3 Ne8 11.Be2 Nd7 12.O-O Qe7 13.Re1 Rb8 14.a5 b5 15.axb6 Rxb6
16.Qc2 Nc7 17.e4 Nb5 18.Bxb5 axb5 19.Rad1 b4 20.Na4 b3 21.Qd2 Rb4 22.Nc3 Bb7
23.Bh6 Ne5 24.Nxe5 Qxe5 25.Bxg7 Kxg7 26.f4 Qd4+ 27.Qxd4+ cxd4 28.Ne2 Re8
29.Nxd4 Bxd5 30.Nf5+ gxf5 31.Rxd5 Rexe4 32.Rxe4 Rxe4 33.Rd3 Rxf4 34.Rxb3 Kf6
35.Rb6 Ke6 36.Kh2 Rf1 37.g3 Rf2+ 38.Kg1 Rc2 39.Rb3 h5 40.Re3+ Kf6 41.Rd3 Ke5
42.Re3+ Kd4 43.Rf3 Ke4 44.Rf4+ Ke5 45.Rh4 Rxb2 46.Rxh5 Ke4 47.Kf1 d5 48.Rh4+ Ke3
49.Rf4 d4 50.Rxf5 d3 51.Re5+ Kd4 52.Re7 Rb1+ 53.Kf2 d2 54.Rd7+ Kc3 55.Rc7+ Kd3
56.Rd7+ Kc2 57.Rc7+ Kd1 58.Rxf7 Rb2 59.Rd7 Kc1 60.Kf3 d1=Q+ 61.Rxd1+ Kxd1
62.g4 Kd2 63.h4 Kd3 64.h5 Kd4 65.Kf4 Kd5 66.Kf5 Kd6 67.h6 Ke7 68.Kg6 Kf8
69.Kh7 Kf7 70.g5 Rb6 71.Kh8 Kg6  0-1

[Event "TCh-ISL Div 1 2014-15"]
[Site "Reykjavik ISL"]
[Date "2014.10.05"]
[Round "5.1"]
[White "Kjartansson,G"]
[Black "Kristjansson,St"]
[Result "0-1"]
[WhiteElo "2439"]
[BlackElo "2490"]

1.d4 Nf6 2.c4 e6 3.Nf3 c5 4.d5 d6 5.Nc3 exd5 6.cxd5 g6 7.Bf4 a6 8.e4 Nh5
9.Bg5 Be7 10.Bh6 Bf8 11.Bg5 Be7 12.Bh6 Bf8 13.Be3 Bg7 14.Be2 Nd7 15.Nd2 b5
16.Bxh5 gxh5 17.a4 b4 18.Ne2 Rg8 19.O-O Bxb2 20.Nc4 Qf6 21.Nxb2 Qxb2 22.Ng3 h4
23.Nf5 Qf6 24.Qh5 Ne5 25.Qxh7 Rg6 26.f4 Nc4 27.Rae1 Bd7 28.Qxh4 Qxh4 29.Nxh4 Rg4
30.g3 Bxa4 31.e5 Bc2 32.exd6 Nxe3 33.Rxe3+ Kd7 34.Nf3 Kxd6 35.Ne5 Rgg8 36.Nc4+ Kxd5
37.Rc1 Kxc4 38.Rxc2+ Kb5 39.Re7 Rgc8 40.Rxf7 Rab8  0-1

[Event "Kolomenskaya Open 2014"]
[Site "Moscow RUS"]
[Date "2014.10.07"]
[Round "5.5"]
[White "Simantsev,M"]
[Black "Vorobjov,D"]
[Result "1-0"]
[WhiteElo "2451"]
[BlackElo "2164"]

1.d4 Nf6 2.Nf3 c5 3.d5 e6 4.c4 exd5 5.cxd5 d6 6.Nc3 g6 7.Bf4 Bg7 8.h3 O-O
9.e3 a6 10.a4 Re8 11.Nd2 Nh5 12.Bh2 f5 13.Be2 Nf6 14.Nc4 Bf8 15.O-O Qc7 16.a5 Nbd7
17.Na4 Ne5 18.Nab6 Rb8 19.Rc1 Nxc4 20.Rxc4 Re4 21.Rxe4 Nxe4 22.Qc2 Qd8 23.f3 Ng5
24.e4 fxe4 25.fxe4 Qe7 26.Nxc8 Rxc8 27.e5 Bg7 28.e6 Nxh3+ 29.gxh3 Qg5+ 30.Bg4 h5
31.Bf4 Bd4+ 32.Kg2 Qxd5+ 33.Kh2 Kg7 34.Bg3 Rc7 35.Be2 Qxe6 36.Bc4 Qe8 37.Bxd6 Rd7
38.Bf4 Be3 39.Qc3+ Bd4 40.Qg3 Kh7 41.Bd3 Bf6 42.Rg1 Rg7 43.Qf3 Kh8 44.Bxg6 Rxg6
45.Qxh5+ Kg7 46.Qh6+  1-0

[Event "TCh-CRO Div 1b 2014"]
[Site "Bol CRO"]
[Date "2014.10.08"]
[Round "5.4"]
[White "Matijevic,H"]
[Black "Horvat,Dav"]
[Result "1-0"]
[WhiteElo "2229"]
[BlackElo "2167"]

1.d4 Nf6 2.c4 c5 3.d5 e6 4.Nc3 exd5 5.cxd5 d6 6.Nf3 g6 7.Bf4 Bg7 8.Qa4+ Bd7
9.Qb3 Qc7 10.e4 O-O 11.Nd2 Nh5 12.Be3 Na6 13.Be2 Rab8 14.O-O b5 15.Nxb5 Bxb5
16.Bxb5 Qb7 17.Be2 Qd7 18.Qd1 Nc7 19.Nc4 Rfe8 20.Qc2 Nf6 21.Bf3 Nb5 22.Rad1 Ng4
23.Bxg4 Qxg4 24.f3 Qh4 25.Qd2 f5 26.Bg5 Qh5 27.exf5 Nd4 28.f6 Re2 29.Qf4 Rf8
30.Qh4 Qxh4 31.Bxh4 Bxf6 32.Bxf6 Rxf6 33.Rf2 Re7 34.Kf1 Kf8 35.Re1 Rxe1+
36.Kxe1 Ke7 37.Kd2 Rf5 38.Ne3 Rh5 39.h3 Kf6 40.f4 Nb5 41.Kd3 Rh4 42.Kc4 Nc7
43.Rf3 h5 44.Kd3 g5 45.Ke4 g4 46.Rg3  1-0

[Event "TCh-CRO w 2014"]
[Site "Bol CRO"]
[Date "2014.10.08"]
[Round "5.3"]
[White "Lukenda,T"]
[Black "Bazaj Bockai,S"]
[Result "1/2-1/2"]
[WhiteElo "2168"]
[BlackElo "2102"]

1.d4 Nf6 2.Nf3 e6 3.c4 c5 4.d5 exd5 5.cxd5 d6 6.Nc3 Be7 7.e4 Nbd7 8.Bb5 O-O
9.Bxd7 Nxd7 10.O-O a6 11.a4 Bf6 12.Bf4 Qb6 13.Qc2 Ne5 14.Nxe5 Bxe5 15.a5 Qd8
16.Bxe5 dxe5 17.Qd2 Bd7 18.Na4 Bxa4 19.Rxa4 Qd6 20.Rc4 f5 21.exf5 Rxf5 22.Rfc1 Rd8
23.f3 Rf4 24.Rxc5 Rd4 25.Qc3 Rxd5 26.Rxd5 Qxd5 27.h3 Kf7 28.Kh2 Rd7 29.Qc2 g6
30.Qc8 Qd6 31.Kh1 Kg7 32.Qc3 Qd4 33.Qc8 Qd6 34.Qc3 Qd4  1/2-1/2

[Event "TCh-CRO Div 1b 2014"]
[Site "Bol CRO"]
[Date "2014.10.11"]
[Round "8.1"]
[White "Doric,D"]
[Black "Srbis,J"]
[Result "0-1"]
[WhiteElo "2487"]
[BlackElo "2411"]

1.d4 Nf6 2.c4 c5 3.d5 e6 4.Nc3 exd5 5.cxd5 d6 6.Nf3 g6 7.Bf4 a6 8.a4 Bg7
9.h3 O-O 10.e3 Re8 11.Be2 Ne4 12.Nxe4 Rxe4 13.Ra2 Rb4 14.Qd2 Qe7 15.O-O Bd7
16.a5 Bb5 17.Re1 Nd7 18.Bf1 Bxf1 19.Rxf1 Re8 20.Rd1 h6 21.Qc2 f5 22.b3 Nf6
23.Ra4 Rxa4 24.bxa4 Ne4 25.Rd3 g5 26.Bh2 Qd8 27.Nd2 Qxa5 28.g4  0-1

[Event "TCh-CRO Div 1a 2014"]
[Site "Bol CRO"]
[Date "2014.10.12"]
[Round "9.4"]
[White "Hulak,K"]
[Black "Cebalo,M"]
[Result "1/2-1/2"]
[WhiteElo "2463"]
[BlackElo "2400"]

1.d4 Nf6 2.c4 c5 3.d5 e6 4.Nc3 exd5 5.cxd5 d6 6.Nf3 g6 7.Nd2 Bg7 8.e4 O-O
9.Be2 Na6 10.O-O Nc7 11.a4 b6 12.Nc4 Ba6 13.Bg5 h6 14.Bh4 Bxc4 15.Bxc4 g5
16.Bg3 Re8 17.Re1 Nh7 18.Qg4 Be5 19.f4 Nf6 20.Qf3 gxf4 21.Bxf4 Nh7 22.Qg4+ Kh8
23.Bxh6 Rg8 24.Qh3 Rg6 25.Rf1 Qe7 26.Rae1 Rag8 27.Bf4 Rxg2+ 28.Qxg2 Rxg2+
29.Kxg2 Bxf4 30.Rxf4 Qg5+ 31.Kf3 Ne8 32.Bb5 Nef6 33.h4 Qh5+ 34.Kg3 Qg6+ 35.Kh3 Nh5
36.Rg4 Qf6 37.Rf1 Qe7 38.Rf5 Ng7 39.Rff4 Nf6 40.Rg5 Nh7 41.Rg1 f5 42.Rf3 Nf6
43.exf5 Qe5 44.Rg6 Ngh5 45.Be2 Kh7 46.Rf2 Qe3+ 47.Kg2 Qd4 48.Rf3 a6 49.Bxa6 Nf4+
50.Rxf4 Qxf4 51.Rxf6 Qg4+ 52.Kf1 Qf4+ 53.Kg2 Qg4+  1/2-1/2

[Event "BDO Challenger 2014"]
[Site "Haarlem NED"]
[Date "2014.10.12"]
[Round "2.4"]
[White "Kohlweyer,B"]
[Black "Jackson,J"]
[Result "1/2-1/2"]
[WhiteElo "2407"]
[BlackElo "2336"]

1.d4 Nf6 2.c4 c5 3.d5 e6 4.Nc3 exd5 5.cxd5 d6 6.Nf3 g6 7.Bf4 a6 8.e4 b5 9.Be2 b4
10.Na4 Nxe4 11.a3 Bg7 12.axb4 O-O 13.bxc5 Nxc5 14.Nxc5 dxc5 15.O-O Bb7 16.d6 Nd7
17.Re1 Bc6 18.Rxa6 Bxf3 19.gxf3 Rxa6 20.Bxa6 Qf6 21.Bg3 h5 22.h4 Qxb2 23.Qe2 Qxe2
24.Rxe2 Bf6 25.Bb5 Rd8 26.Bxd7 Rxd7 27.Re8+ Kg7 28.Rc8 Bd4 29.Rc7 Rd8 30.Bf4 Bf6
31.Bg3 Bd4 32.Bf4 Bf6  1/2-1/2

[Event "TCh-FIN 2014-15"]
[Site "Finland FIN"]
[Date "2014.10.19"]
[Round "4.6"]
[White "Hynninen,J"]
[Black "Kosmo,S"]
[Result "1-0"]
[WhiteElo "2210"]
[BlackElo "2227"]

1.d4 e6 2.c4 c5 3.d5 Nf6 4.Nc3 exd5 5.cxd5 d6 6.Nf3 g6 7.Bf4 a6 8.a4 Bg7
9.h3 O-O 10.e3 Nh5 11.Bh2 f5 12.Be2 f4 13.O-O Qe7 14.exf4 Nxf4 15.Re1 Nd7
16.Bxa6 Ne5 17.Bf1 g5 18.Kh1 Kh8 19.Ra3 h6 20.Nb5 Bd7 21.Rae3 Rae8 22.b3 Bc8
23.Na3 Qf7 24.Nxe5 Rxe5 25.Rxe5 dxe5 26.Nc4 Qxd5 27.Qxd5 Nxd5 28.f3 Bf5 29.Nxe5 Nf4
30.Bc4 Bf6 31.Nf7+ Kg7 32.Nd6 Bg6 33.Nxb7 Bd3 34.Nxc5 Bxc4 35.bxc4 Rc8 36.Ne4 Nd3
37.Rd1 Nf4 38.Nxf6 Kxf6 39.Bxf4 gxf4 40.Ra1 Rxc4 41.a5 Rc7 42.a6 Ra7 43.Ra5 Kg6
44.h4 Kf6 45.Kh2 Kg6 46.h5+ Kf6 47.Kh3  1-0

[Event "24th EY BU16 2014"]
[Site "Batumi GEO"]
[Date "2014.10.20"]
[Round "2.22"]
[White "Stremavicius,T"]
[Black "Gronn,Eskil Ekeland"]
[Result "1-0"]
[WhiteElo "2370"]
[BlackElo "2015"]

1.d4 Nf6 2.c4 c5 3.d5 e6 4.Nc3 exd5 5.cxd5 d6 6.Nf3 g6 7.Nd2 Bg7 8.e4 O-O
9.Be2 Re8 10.O-O Na6 11.f3 Nc7 12.a4 b6 13.Nc4 Ba6 14.Bg5 h6 15.Bh4 Qd7 16.Re1 Bxc4
17.Bxc4 a6 18.Qd3 Nh7 19.Bg3 Bxc3 20.Qxc3 b5 21.Bf1 b4 22.Qd2 Kg7 23.Bc4 f6
24.f4 Rad8 25.b3 g5 26.e5 dxe5 27.fxe5 Nxd5 28.Rad1 Nb6 29.Qxd7+ Rxd7 30.Rxd7+ Nxd7
31.e6 Ne5 32.Bxe5 fxe5 33.Rxe5 Nf8 34.Kf2 Kf6 35.Rxc5 Nxe6 36.Rc6 Ke5 37.Rxa6  1-0

[Event "24th EY GU16 2014"]
[Site "Batumi GEO"]
[Date "2014.10.21"]
[Round "3.3"]
[White "Chung,Mathilde"]
[Black "Harazinska,Ewa"]
[Result "0-1"]
[WhiteElo "1972"]
[BlackElo "2166"]

1.d4 Nf6 2.c4 e6 3.Nf3 c5 4.d5 exd5 5.cxd5 d6 6.Nc3 g6 7.Bf4 Bg7 8.Qa4+ Bd7
9.Qb3 Qc7 10.h3 O-O 11.Nd2 Nh5 12.Bh2 f5 13.e3 f4 14.e4 g5 15.Be2 Be8 16.Nf3 Qd8
17.Qxb7 Nd7 18.Qb3 Rb8 19.Qc2 Ne5 20.O-O Nxf3+ 21.Bxf3 Be5 22.Rab1 Qf6 23.Nd1 Qh6
24.b3 Bd7 25.Nb2 g4 26.hxg4 Ng3 27.Rfd1 Rf6 28.fxg3 fxg3 29.Bxg3 Bxg3 30.g5 Qh2+
31.Kf1  0-1

[Event "24th EY BU18 2014"]
[Site "Batumi GEO"]
[Date "2014.10.21"]
[Round "3.15"]
[White "Ladva,O"]
[Black "Burcu,C"]
[Result "1-0"]
[WhiteElo "2392"]
[BlackElo "2198"]

1.d4 Nf6 2.c4 c5 3.d5 e6 4.Nc3 exd5 5.cxd5 d6 6.Nf3 g6 7.Nd2 Bg7 8.e4 O-O
9.Be2 Re8 10.O-O Nbd7 11.Re1 Ne5 12.h3 g5 13.Nf1 h6 14.Ng3 a6 15.a4 b6 16.Qc2 Ng6
17.Nd1 Rb8 18.Ne3 b5 19.axb5 axb5 20.Bd2 Nh4 21.Ra7 Re7 22.Ba5 Qe8 23.Bc7 Nxe4
24.Bxb8 Nxg3 25.Bxb5 Rxe3 26.Rxe3 Qxb5 27.Rxg3 Qxb8 28.Qa4 Qxb2 29.Qe8+ Kh7
30.Qxc8 Qc1+ 31.Kh2 Qf4 32.Qg4 Qxf2 33.Qe4+ Ng6 34.Rf3 Qd4 35.Qxd4 Bxd4 36.Rfxf7+ Kg8
37.Rfc7 h5 38.Kg3  1-0

[Event "24th EY BU16 2014"]
[Site "Batumi GEO"]
[Date "2014.10.22"]
[Round "4.8"]
[White "Zakaryan,David"]
[Black "Shahaliyev,Ismayil"]
[Result "1-0"]
[WhiteElo "2343"]
[BlackElo "2206"]

1.d4 e6 2.c4 Nf6 3.Nc3 c5 4.d5 exd5 5.cxd5 d6 6.Nf3 g6 7.Bf4 a6 8.a4 Bg7
9.h3 O-O 10.e3 Re8 11.Bd3 Qc7 12.Nd2 Nbd7 13.O-O Ne5 14.Be2 Nfd7 15.Bh2 f5
16.Qc2 b6 17.Rae1 Nf6 18.f4 Nf7 19.Bd3 Bd7 20.e4 fxe4 21.Ndxe4 Nxe4 22.Bxe4 Nh6
23.g4 Rf8 24.Bg2 Kh8 25.Ne4 Nf7 26.f5 gxf5 27.gxf5 Bd4+ 28.Kh1 Rae8 29.f6 Be5
30.h4 h6 31.Ng5 Nxg5 32.hxg5 Bxh2 33.Qg6 Bxa4 34.f7  1-0

[Event "Hradec Kralove Open 2014"]
[Site "Hradec Kralove CZE"]
[Date "2014.10.22"]
[Round "6"]
[White "Malinovsky,P"]
[Black "Prachar,J"]
[Result "1/2-1/2"]
[WhiteElo "2046"]
[BlackElo "1856"]

1.d4 Nf6 2.c4 c5 3.d5 e6 4.Nc3 exd5 5.cxd5 d6 6.Nf3 g6 7.Bf4 Nh5 8.Bd2 Bg7
9.e3 a6 10.a4 O-O 11.Be2 Bg4 12.h3 Bxf3 13.Bxf3 Nf6 14.O-O Nbd7 15.Qc2 Rc8
16.a5 c4 17.Ra4 b5 18.axb6 Qxb6 19.Rfa1 Nc5 20.Rxc4 Nb3 21.Rxc8 Rxc8 22.Ra3 Nxd2
23.Qxd2 Nd7 24.Be2 a5 25.Nb5 Be5 26.Rxa5 Bc3 27.Qxc3 Rxc3 28.Ra8+ Kg7 29.bxc3 Nf6
30.c4 Qc5 31.Ra1 h5 32.Nd4 Qb4 33.Bd3 Qc3 34.Rd1 Nd7 35.Bf1 Ne5 36.Nb5 Qb3
37.Rd4 Qb4  1/2-1/2